000 00437nam a2200181Ia 4500
001 15792
005 20260306170222.0
008 260306t1997||||xx |||||||||||||| ||und||
041 _aESP
082 _a620.104
_bC262
100 _aCochin, Ira
_eAUT
245 0 _aAnalysis and design of dynamic systems
260 _c1997
300 _axviii, 666 páginas :
_c24 cm.
650 _aGEN
654 _aCII
942 _cLIB
_dJUS
_fJUS
_2ddc
_n
999 _c15792
_d15792